| 000 | 01305nam2a22002771 4500 | ||
|---|---|---|---|
| 001 | rc\4738724 | ||
| 005 | 20260406120422.0 | ||
| 021 |
_aRU _b[67-104115] |
||
| 021 |
_aRU _b[67-104111] |
||
| 035 | _a(NLR Aleph) 008736226 | ||
| 090 |
_a9505561 _c9505561 |
||
| 100 | _a20130416d1967 |||y0rusy50 ca | ||
| 101 | 0 | _arus | |
| 102 | _aRU | ||
| 105 | _ay z |||a| | ||
| 200 | 1 |
_aПушкин в изгнании _eРоман _hЧ. 2 _i[Пушкин в Михайловском] |
|
| 210 |
_d1967 _aБ. м. |
||
| 215 | _a422 с. | ||
| 461 | 0 |
_1001rc\4738722 _12001#$aСобрание сочинений$eВ 4 т.$f[Вступ. статья Я. Волкова, с. 5-25$gСост., подгот. текста и примеч. М. Новиковой]. Т. 1-$vТ. 2 _1700#1$aНовиков$bИ.А.$f1877-1959$gИван Алексеевич _99505551 _aНовиков, И.А. (1877-1959) _cМосква _d1966 _f[Вступ. статья Я. Волкова, с. 5-25 _nХудож. лит. _oВ 4 т. _tСобрание сочинений _vТ. 2 |
|
| 702 | 1 |
_4570 _7ca _8rus _aПушкин _bА. С. _cпоэт _f1799-1837 _gАлександр Сергеевич _9110441 _3RU\NLR\AUTH\77386 |
|
| 801 | 0 |
_aRU _bNLR _gpsbo |
|
| 801 | 1 |
_aRU _bELAR _2rusmarc |
|
| 852 |
_aNLR _j66-3/6370 |
||
| 942 | _cBOOK | ||
| 980 | _aNB | ||